000 00255nam a2200109Ia 4500
008 220204s9999 xx 000 0 und d
082 _a82-3HAR
_bPEA
100 _aPeale, Constance F
245 0 _aGive us forever
260 _bHarlequin
_c1983
942 _cBK
999 _c37726
_d37726